| 000 | 00661nam a22001937a 4500 | ||
|---|---|---|---|
| 005 | 20161123105617.0 | ||
| 010 | _aENG-116619 | ||
| 020 |
_a9789351436980 _c395.00 |
||
| 035 | _aEN-100151 | ||
| 037 | _bDBAD/PUB | ||
| 082 | _a646.79 | ||
| 100 | _aLakhotia,R.N. | ||
| 245 |
_aGuide to successful retirement : _btips on how to retire healthy,wealthy and wise / _cby R.N. Lakhotia [and] Subhash Lakhotia |
||
| 260 |
_aGurgaon _bLexisNexis _c2016 |
||
| 270 |
_a14th Floor, Building No.10, Tower-B, DLF Cyber City, Phase-II _bGurgaon _e122002 |
||
| 300 |
_axii,225p. _c22cm(pbk) |
||
| 700 | _a Lakhotia,Subhash | ||
| 942 |
_2ddc _cEN _mLAK _h646.79 |
||
| 999 |
_c104715 _d104715 |
||